Memorias del X Congreso Nacional AMENA /
Congreso que está dedicado al médico veterinario y zootecnista, Francisco Javier Tirado Almendra, como lo ha sido característico en estos congresos ya que se dedica a un especialista en nutrición animal que se haya distinguido por su trayectoria en el medio agropecuario. El objetivo de estos congres...
保存先:
| 共著者: | , |
|---|---|
| フォーマット: | 会議録 図書 |
| 言語: | スペイン語 |
| 主題: | |
| タグ: |
タグなし, このレコードへの初めてのタグを付けませんか!
|
MARC
| LEADER | 00000nam^a2200000^a^4500 | ||
|---|---|---|---|
| 001 | 000188051 | ||
| 005 | 20250521000000.0 | ||
| 009 | 20260310102324.628 | ||
| 037 | |a Acervo ITESO - Biblioteca | ||
| 041 | |a ESP | ||
| 082 | |a 636. 085 |b CON 2001 | ||
| 111 | |a Congreso Nacional AMENA ( |d 2001 : |c Puerto Vallarta, Jalisco) | ||
| 245 | 1 | 0 | |a Memorias del X Congreso Nacional AMENA / |c AMENA ; pról. de Jesús Ernesto Acosta Soberanes. |
| 264 | |a México : |b Asociación Mexicana de Especialistas en Nutrición Animal, |c 2001 | ||
| 300 | |a [13], 53, 88 p. | ||
| 336 | |a texto |b txt |2 rdacontenido | ||
| 337 | |a sin mediación |b n |2 rdamedio | ||
| 338 | |a volumen |b nc |2 rdasoporte | ||
| 520 | |a Congreso que está dedicado al médico veterinario y zootecnista, Francisco Javier Tirado Almendra, como lo ha sido característico en estos congresos ya que se dedica a un especialista en nutrición animal que se haya distinguido por su trayectoria en el medio agropecuario. El objetivo de estos congresos es destacar los avances en el sector de alimentos balanceados para animales domésticos, el progreso de la producción pecuaria y los avances en la nutrición animal, incluye enfermedades del ganado y su prevención dentro de la rama veterinaria. | ||
| 546 | |a Contiene algunos artículos en inglés | ||
| 649 | |a XX | ||
| 650 | |a Nutrición Animal - |x Congresos | ||
| 650 | |a Chícharos | ||
| 650 | |a Maíz | ||
| 650 | |a Alimentos Transgénicos | ||
| 650 | |a Aditivos para Alimento Animal | ||
| 650 | |a Alimentos para Animales | ||
| 650 | |a Cerdos - |x Razas | ||
| 650 | |a Cerdos - |x Alimentación y Alimentos | ||
| 650 | |a Aves - |x Alimentación y Alimentos | ||
| 650 | |a Ganado Porcino | ||
| 650 | |a Ganado Bovino - |x Enfermedades | ||
| 650 | |a Enfermedades - |x Prevención | ||
| 650 | |a Industria Avícola | ||
| 650 | |a Ganadería | ||
| 650 | |a Animales Domésticos - |x Alimentación y Alimentos | ||
| 650 | |a Ecología Vegetal | ||
| 650 | |a Reproducción (Biología) | ||
| 650 | |a Genética Animal | ||
| 650 | |a Medicina Veterinaria | ||
| 650 | |a Industria Agropecuaria | ||
| 710 | |a Asociación Mexicana de Especialistas en Nutrición Animal | ||
| 910 | |a Fondo General | ||
| 920 | |a Impresos - Libros | ||
| 930 | |a Colección General | ||
| 905 | |a 101 | ||
| 901 | |a 0500130469 |b IT1 |c ACC |u 20250521 | ||
| 902 | |a https://opac.biblio.iteso.mx/vufind/Record/000188051 | ||